Computational statistical mechanics / (Record no. 30234)

000 -LEADER
fixed length control field 00639 a2200193 4500
020 ## - INTERNATIONAL STANDARD BOOK NUMBER
International Standard Book Number 0444881921
020 ## - INTERNATIONAL STANDARD BOOK NUMBER
International Standard Book Number 9780444881922
082 ## - DEWEY DECIMAL CLASSIFICATION NUMBER
Classification number 530.13
090 ## - LOCALLY ASSIGNED LC-TYPE CALL NUMBER (OCLC); LOCAL CALL NUMBER (RLIN)
-- 1625
-- 1625
100 1# - MAIN ENTRY--PERSONAL NAME
Personal name Hoover, W.G.
245 10 - TITLE STATEMENT
Title Computational statistical mechanics /
Statement of responsibility, etc. W.G. Hoover.
250 ## - EDITION STATEMENT
Edition statement 1st ed.
260 ## - PUBLICATION, DISTRIBUTION, ETC.
Place of publication, distribution, etc. [S.l.] :
Name of publisher, distributor, etc. Elsevier Science,
Date of publication, distribution, etc. 1991.
300 ## - PHYSICAL DESCRIPTION
Extent 314 p. ;
Dimensions 26 cm.
490 1# - SERIES STATEMENT
Series statement Studies in modern thermodynamics.
Volume/sequential designation 2
830 #0 - SERIES ADDED ENTRY--UNIFORM TITLE
Uniform title Studies in modern thermodynamics.
942 ## - ADDED ENTRY ELEMENTS (KOHA)
Institution code [OBSOLETE] SNS
Koha item type Book
Call number prefix 530.13 HOO
Holdings
Withdrawn status Lost status Damaged status Not for loan Permanent Location Current Location Date acquired Total Checkouts Full call number Barcode Date last seen Price effective from Koha item type
        School of Natural Sciences (SNS) School of Natural Sciences (SNS) 05/26/2016   530.13 HOO SNS0001762 05/26/2016 05/26/2016 Book
© 2023 Central Library, National University of Sciences and Technology. All Rights Reserved.